| 000 | 01297 a2200241 4500 | ||
|---|---|---|---|
| 003 | Nust | ||
| 005 | 20220727124536.0 | ||
| 010 | _a 2003062750 | ||
| 020 | _a0470856688 (alk. paper) | ||
| 040 | _cNust | ||
| 082 | 0 | 0 | _a006,RAN |
| 100 | 1 |
_aRankl, W. _995464 |
|
| 245 | 1 | 0 |
_aSmart card handbook / _cWolfgang Rankl and Wolfgang Effing ; translated by Kenneth Cox. |
| 250 | _a3rd ed. | ||
| 260 |
_aChichester, West Sussex, England ; _aHoboken, NJ, USA : _bJ. Wiley, _cc2003. |
||
| 300 |
_axxxii, 1088 p. : _bill. ; _c25 cm. |
||
| 505 | _aIntroduction (Page-1), Types of Cards (Page-15), Physical and Electrical Properties (Page-27), Informatics Foundations (Page-155), Smart Card Operating Systems (Page-233), Smart Card Data Transmission (Page-371), Smart Card Commands (Page-435), Security Techniques (Page-491), Quality Assurance and Testing (Page-565), The Smart Card Life Cycle (Page-597), Smart Card Terminals (Page-655), Smart Cards in Payment Systems (Page-673), Smart Cards in Telecommunications (Page-723). | ||
| 650 | 0 |
_aSmart cards _995465 |
|
| 700 | 1 |
_aEffing, W. _995466 |
|
| 856 | 4 | 2 |
_3Publisher description _uhttp://www.loc.gov/catdir/description/wiley039/2003062750.html |
| 856 | 4 | 2 |
_3Table of contents _uhttp://www.loc.gov/catdir/toc/wiley032/2003062750.html |
| 942 |
_cREF _2ddc |
||
| 999 |
_c175353 _d175353 |
||